Achieving ISO 9000 certification for a local enterprise in the supporting industry : a case study /
Saved in:
| Main Author: | |
|---|---|
| Format: | Thesis Book |
| Language: | English |
| Published: |
1994.
|
| Subjects: | |
| Tags: |
Add Tag
No Tags, Be the first to tag this record!
|
| LEADER | 00986cam a2200277 a 4500 | ||
|---|---|---|---|
| 001 | u365449 | ||
| 003 | SIRSI | ||
| 008 | 941221s1995 si v 00 1 eng m | ||
| 035 | |a ABU-7252 | ||
| 040 | |a UMM | ||
| 043 | |a a-si--- | ||
| 090 | |a HD2356 |b S55Cha | ||
| 100 | 1 | 0 | |a Chan, Leng Tee. |
| 245 | 1 | 0 | |a Achieving ISO 9000 certification for a local enterprise in the supporting industry : |b a case study / |c by Chan Leng Tee. |
| 260 | |c 1994. | ||
| 300 | |a 95 leaves : |b ill. ; |c 30 cm. | ||
| 502 | |a Dissertation (M.B.A.) -- National University of Singapore, 1994. | ||
| 504 | |a Bibliography: leaves 94-95. | ||
| 610 | 1 | 0 | |a Lee Kee Industries (Singapore) |
| 650 | 0 | |a Small business |z Singapore |x Quality control. | |
| 650 | 0 | |a ISO 9000 Series Standards. | |
| 650 | 0 | |a Quality assurance |x Standards |z Singapore | |
| 650 | 0 | |a Industries |z Singapore. | |
| 948 | |a 21/12/1994 |b 09/01/2002 | ||
| 596 | |a 1 | ||
| 999 | |a HD2356 S55CHA [F] |w LC |c 1 |i A504828486 |d 8/3/2002 |l STACKS |m P01UTAMA |n 10 |r Y |s Y |t TESIS |u 6/1/1996 | ||
